000 00325 a2200133 4500
001 88840
082 _aPR 763
090 _c41981
_d41981
100 _aJamshed Mearan
245 _aCombustion Chamber design
260 _aKarachi
_bUniversity of Karachi
_c1980
300 _a90p.
_eKhalid Pervez
500 _aBE Project Report
942 _aCAE NUST
_kPR 763
999 _c323913
_d323913